| 000 | 00937cab a22001935a 4500 | ||
|---|---|---|---|
| 001 | L142890 | ||
| 008 | 080317s2008 xxk f s 000 0 eng d | ||
| 035 | _a(Sirsi) u142890 | ||
| 041 | 0 | _aeng | |
| 100 | 1 | _aMenary, Steve | |
| 245 | 0 | 0 | _aDowntown |
| 260 | _c2008 | ||
| 490 |
_aHousebuilder _v67(2) March 2008, 43-48(4) |
||
| 520 | _aReviews and analyses planning and development submissions during the last year. Finds that residential planning applications fell in all regions apart from London. However the average number of units per scheme rose in most regions. Due to ongoing affordability pressures, the number of new units is not expected to increase significantly during the current year. Affordability and population growth is tightest in the south east. Northern Ireland saw the biggest reduction in applications. | ||
| 590 | _aKA | ||
| 651 | 4 |
_aUnited Kingdom _y |
|
| 690 |
_aPlanning and development _96259 |
||
| 942 | _n0 | ||
| 999 |
_c79961 _d79961 |
||